000 00709nam a2200229Ia 4500
003 GCL
008 140319s9999 xx 000 0 ara d
040 _aGCL /
_cGCL
082 0 4 _a910.01
_bت ج
100 1 _aتيلور، جريفث
245 1 0 _aالجغرافية فى القرن العشرين /
_cتيلور، جريفث
700 1 _aمحمد السيد غلاب
700 1 _aابراهيم احمد زرقانة
260 _a[S.N] :
_bالهيئة المصرية العامة للكتاب ،
_c1987
300 _a479 ص
490 _a
650 0 4 _aتاريخ
650 0 4 _aفلسفة
650 0 4 _aالجغرافيا الطبيعية
650 0 4 _aالجغرافيا
942 _2ddc
_cBK
999 _c30209
_d30209